Neural net, WIRN Vietri-98 : proceedigns of the 10th Italian Workshop on Neural Nets, Vietri sul Mare, Salerno, Italy, 21-23 May 1998
Αποθηκεύτηκε σε:
| Συλλογικό Έργο: | , |
|---|---|
| Άλλοι συγγραφείς: | , |
| Μορφή: | Πρακτικό Συνεδρίου Βιβλίο |
| Γλώσσα: | English |
| Δημοσίευση: |
London :
Springer,
c1999.
|
| Σειρά: | Perspectives in neural computing
|
| Θέματα: | |
| Ετικέτες: |
Προσθήκη ετικέτας
Δεν υπάρχουν, Καταχωρήστε ετικέτα πρώτοι!
|
MARC
| LEADER | 00000cam a2200000 i 4500 | ||
|---|---|---|---|
| 001 | 1/12796 | ||
| 008 | 001018s1999 enk ||| | eng|| | ||
| 020 | |a 1852330511 | ||
| 035 | |l 10064348 | ||
| 040 | |a GR-MyUA |b gre |e AACR2 | ||
| 041 | 0 | |a eng | |
| 082 | 0 | |a 006.32 |2 (21) | |
| 111 | 2 | |a Italian Workshop on Neural Nets |n (10th : |d 1998 : |c Vietri sul Mare, Italy) | |
| 245 | 1 | 0 | |a Neural net, WIRN Vietri-98 : |b proceedigns of the 10th Italian Workshop on Neural Nets, Vietri sul Mare, Salerno, Italy, 21-23 May 1998 / |c Maria Marinaro and Roberto Tagliaferri (eds) ; [jointly organized by] Societa Italiana Reti Neuroniche (SIREN) ... [et al.]. |
| 260 | |a London : |b Springer, |c c1999. | ||
| 300 | |a x, 390 σ. : |b εικ. ; |c 24 εκ. | ||
| 490 | 1 | |a (Perspectives in neural computing) | |
| 504 | |a Περιέχει βιβλιογραφικές αναφορές και ευρετήριο. | ||
| 650 | 0 | 0 | |a Neural networks (Computer science) |x Congresses. |
| 700 | 1 | |a Marinaro, M. |e edt | |
| 700 | 1 | |a Tagliaferri, Roberto, |e edt | |
| 710 | 1 | |a Societa italiana reti neuroniche. | |
| 830 | 0 | |a Perspectives in neural computing | |
| 852 | |a INST |b SAMOS |e 20001018 |h 006.32 ITA |p 005300018673 |q 005300018673 |t BK |y 0 | ||
| 852 | |a INST |b SAMOS |e 20001018 |h 006.32 ITA |p 005300018674 |q 005300018674 |t BK |y 23 | ||
| 852 | |a INST |b SYROS |e 20001018 |h 006.32 ITA |p 005500000449 |q 005500000449 |t BK |y 0 | ||
| 901 | |a BIBL3-2000-3 | ||
| 909 | |a Σ |b 079807 | ||
| 909 | |a Σ |b 079808 | ||
| 909 | |a Ε |b 079809 | ||
| 922 | |a 3ΕΛΗ |b 200002 |c ΤΠΕΣ/ΠΟΛ |d LEADER | ||
| 922 | |a 5ΕΛΗ |b 200002 |c ΤΠΕΣ/ΠΟΛ |d LEADER | ||
| 970 | |a ΜΑΛΑΓΑΡΗ |b ΦΩΤΕΙΝΗ |z 2000/10/18 | ||